14 Highest Mountain Peaks Quiz Stats

 Plays Quiz not verified by Sporcle

Score 0/14 Timer 07:00
0 Plays Today
Elevation (in meters) Peaks % Correct
8,848Everest
100%
8,611Chhogori
97.4%
8,091Annapurna I
83.3%
8,080Gasherbrum I
79.5%
8,516Lhotse
78.2%
8,586Kangchenjunga
75.6%
8,188Cho Oyu
75.6%
Elevation (in meters) Peaks % Correct
8,051Broad Peak
75.6%
8,485Makalu
71.8%
8,126Nanga Parbat
71.8%
8,163Manaslu
67.9%
8,035Gasherbrum II
67.9%
8,012Shishapangma
64.1%
8,167Dhaulagiri I
62.8%

You're not logged in!

Compare scores with friends on all Sporcle quizzes.
OR
Log In

Sporcle TV

Today on Sporcle TV


Watch our educational content, quiz creation guides, and fun videos on Sporcle TV.

Show Comments

Extras

Created Sep 18, 2017ReportNominate
Tags:mountains, Tallest Mountains

Top Quizzes Today


Score Distribution

Your Account Isn't Verified!

In order to create a playlist on Sporcle, you need to verify the email address you used during registration. Go to your Sporcle Settings to finish the process.

Report this User

Report this user for behavior that violates our Community Guidelines.

Details: